000 00320nam a22001457a 4500
020 _a978-9387593886
041 _aENG
100 _aRao G N
245 _aStatics for Agricultural Scieces
250 _a2 Edition
260 _aHyderabad
_bBS Publications
_c2018
300 _a467
650 _aStatistics
856 _uMaths
999 _c8
_d8